| 000 | 00880nam a22003130a 4500 | ||
|---|---|---|---|
| 001 | PT57810 | ||
| 003 | AR-LpoUNG | ||
| 005 | 20210131231841.0 | ||
| 008 | 191001s2015||||mx |||||||||||||||||spa d | ||
| 020 |
_a9786071618122 _c$11 |
||
| 040 |
_aAR-LpoUNG _bspa _cAR-LpoUNG _eaacr |
||
| 041 | _aspa | ||
| 044 | _amx | ||
| 082 | 0 | _a808.068 3 273dia | |
| 100 | 1 | _aDaywalt, Drew | |
| 245 | 1 | 3 | _aEl día que los crayones renunciaron |
| 250 | _a1ra. ed., 1ra reimpr. | ||
| 260 |
_aMéxico, D. F. : _bFondo de Cultura Económica, _c2015. |
||
| 300 |
_a[40] p. : _bil. |
||
| 505 | 0 | _aSugerido a partir de 6 años (etiqueta AMARILLA) | |
| 650 | 4 | _aCUENTOS | |
| 650 | 4 | _aLITERATURA | |
| 651 | 4 | _aDOCUMENTOS TEORICOS O METODOLOGICOS | |
| 653 | _aLITERATURA INFANTIL | ||
| 700 | 1 |
_aFigueroa, Susana _etr. |
|
| 700 | 1 |
_aJeffers, Oliver _eil. |
|
| 905 | _a57810 | ||
| 942 | _cLIB | ||
| 999 |
_c12213 _d12213 |
||